00314nam a2200133Ia 4500003000400000005001700004008004100021020001800062040001700080100001500097245003900112260002000151260000900171OSt20240321160543.0170524s9999 xx 000 0 und d a9789352705320 cIIMTU MEERUT aGhai -C.L. 2aA Textbook of Practical Physiology bJaypee Brothers c1999